The lies we tell / (Record no. 167987)

MARC details
000 -LEADER
fixed length control field 00603nam a22001937a 4500
005 - DATE AND TIME OF LATEST TRANSACTION
control field 20190924161303.0
010 ## - LCCN (DPL NO)
LC control number B-730161
020 ## - INTERNATIONAL STANDARD BOOK NUMBER
Terms of availability 295.00
International Standard Book Number 9789387103139
035 ## - SYSTEM CONTROL NUMBER
System control number B-730161
037 ## - SOURCE OF ACQUISITION
Source of stock number/acquisition Duckbill Books
082 ## - DEWEY DECIMAL CLASSIFICATION NUMBER
Classification number N
100 ## - MAIN ENTRY--PERSONAL NAME
Personal name Himanjali Sankar
245 ## - TITLE STATEMENT
Title The lies we tell /
Statement of responsibility, etc by Himanjali Sankar
260 ## - PUBLICATION, DISTRIBUTION, ETC. (IMPRINT)
Name of publisher, distributor, etc Duckbill Books
Place of publication, distribution, etc Chennai
Date of publication, distribution, etc 2019
270 ## - ADDRESS
City Chennai
Address F2, Oyster Operaa, 35/36 Gangai Street Kalakshetra Colony
Postal code 600090
300 ## - PHYSICAL DESCRIPTION
Extent 140p.
Dimensions 20cm(pbk)
942 ## - ADDED ENTRY ELEMENTS (KOHA)
Source of classification or shelving scheme Dewey Decimal Classification
Item type Children Books
Call number suffix HIM
Classification part N
Holdings
Withdrawn status Lost status Not for loan Collection code Home library Current library Date acquired Source of acquisition Cost, normal purchase price Full call number Barcode Copy number Cost, replacement price Koha item type
      Fiction Ashok Vihar Ashok Vihar 24/09/2019 Gift /Eng /13.09.2019 295.00 N HIM B-730161 1 295.00 Children Books

© Delhi Public Library
Hit Counter
free hit counter